[Event "2009 Canadian Open Chess Championship"]
[Site "Edmonton Canada"]
[Date "2009.07.11"]
[Round "1"]
[White "Shirov, Alexei"]
[Black "Miller, Brian"]
[Result "1-0"]
[WhiteElo "2748"]
[BlackElo "1889"]
[PlyCount "93"]
[EventDate "2009.07.11"]
[Source "MonRoi"]

1. d4 d5 2. c4 e6 3. Nf3 Nf6 4. g3 dxc4 5. Bg2 Be7 6. O-O O-O 7. Qc2 c5 8. dxc5
Bxc5 9. Qxc4 Qb6 10. Nc3 Qb4 11. Qd3 Nc6 12. a3 Qg4 13. b4 Rd8 14. Qc2 Bb6 15.
Bf4 Nd5 16. Nxd5 exd5 17. b5 Nd4 18. Nxd4 Bxd4 19. Rad1 Bf5 20. Qb3 Bb6 21. Bf3
Qg6 22. Rxd5 Be6 23. Rxd8+ Rxd8 24. Qb4 Qf6 25. Bd6 Qd4 26. Qxd4 Bxd4 27. Bb4
b6 28. Rc1 Be5 29. Kg2 g6 30. e3 Kg7 31. a4 Bb3 32. a5 bxa5 33. Bxa5 Rb8 34.
Be2 Ba4 35. Rc5 Bd6 36. Rd5 Be7 37. e4 Kf8 38. f4 Ke8 39. Kf3 Kf8 40. g4 Ke8
41. f5 f6 42. h4 Ba3 43. g5 gxf5 44. exf5 fxg5 45. hxg5 Bc1 46. Kg4 Bb3 47. Rc5
1-0

[Event "2009 Canadian Open Chess Championship"]
[Site "Edmonton Canada"]
[Date "2009.07.11"]
[Round "1"]
[White "Usselman, Paul"]
[Black "Ni, Hua"]
[Result "0-1"]
[WhiteElo "1886"]
[BlackElo "2701"]
[PlyCount "46"]
[EventDate "2009.07.11"]
[Source "MonRoi"]

1. Nf3 Nf6 2. d4 g6 3. c4 Bg7 4. Nc3 d5 5. Bg5 Ne4 6. cxd5 Nxg5 7. Nxg5 e6 8.
h4 exd5 9. e3 h6 10. Nf3 O-O 11. h5 g5 12. Qb3 c6 13. Bd3 Qd6 14. O-O-O a5 15.
Bb1 Na6 16. a3 b5 17. Qc2 f5 18. g4 b4 19. axb4 Nxb4 20. Qb3 fxg4 21. Ne5 Bxe5
22. dxe5 Qxe5 23. Rd4 Be6 0-1

[Event "2009 Canadian Open Chess Championship"]
[Site "Edmonton Canada"]
[Date "2009.07.11"]
[Round "1"]
[White "Adams, Michael"]
[Black "Ventura, Jason"]
[Result "1-0"]
[WhiteElo "2699"]
[BlackElo "1879"]
[PlyCount "41"]
[EventDate "2009.07.11"]
[Source "MonRoi"]

1. e4 c5 2. Nf3 d6 3. d4 cxd4 4. Nxd4 Nf6 5. Nc3 a6 6. Bc4 Nc6 7. Nxc6 bxc6 8.
e5 Ng4 9. e6 f5 10. Qf3 Ne5 11. Qxf5 g6 12. Qf4 Bg7 13. Bb3 d5 14. Nxd5 Qd6 15.
Nb6 Rf8 16. Qe4 Bxe6 17. Nxa8 Bf5 18. Qa4 Ng4 19. Bf4 e5 20. Bg3 Ke7 21. h3 1-0

[Event "2009 Canadian Open Chess Championship"]
[Site "Edmonton Canada"]
[Date "2009.07.11"]
[Round "1"]
[White "Kalaydina, Nicka"]
[Black "Ganguly, Surya"]
[Result "0-1"]
[WhiteElo "1879"]
[BlackElo "2637"]
[PlyCount "60"]
[EventDate "2009.07.11"]
[Source "MonRoi"]

1. d4 Nf6 2. c4 c5 3. d5 b5 4. cxb5 a6 5. b6 a5 6. Nc3 Ba6 7. g3 d6 8. Bg2 Nbd7
9. Nf3 g6 10. O-O Bg7 11. Re1 Nxb6 12. e4 Nfd7 13. Bf4 Nc4 14. Qc2 Rb8 15. Rab1
Nde5 16. Nxe5 Nxe5 17. Bxe5 Bxe5 18. Nd1 O-O 19. Ne3 Rb4 20. b3 Bg7 21. Bf1
Bxf1 22. Kxf1 Qd7 23. Kg2 f5 24. exf5 gxf5 25. f4 e5 26. Nc4 Kh8 27. fxe5 dxe5
28. Rbd1 e4 29. Qe2 Bd4 30. Ne3 Rb6 0-1

[Event "2009 Canadian Open Chess Championship"]
[Site "Edmonton Canada"]
[Date "2009.07.11"]
[Round "1"]
[White "Mikhalevski, Victor"]
[Black "Ritchie, Gordon"]
[Result "1-0"]
[WhiteElo "2631"]
[BlackElo "1870"]
[PlyCount "55"]
[EventDate "2009.07.11"]
[Source "MonRoi"]

1. d4 d5 2. c4 c6 3. Nf3 Nf6 4. Nc3 a6 5. c5 Bg4 6. Ne5 Bf5 7. Qb3 Ra7 8. f3 g6
9. e4 Be6 10. Bg5 Bg7 11. O-O-O O-O 12. Qa3 Nbd7 13. Nxd7 Qxd7 14. e5 Ne8 15.
Na4 f6 16. exf6 exf6 17. Bf4 Qd8 18. Qb4 Rf7 19. Bd3 Bf8 20. Rhe1 Bf5 21. Bxf5
gxf5 22. Qd2 Re7 23. Nb6 Ng7 24. Rxe7 Bxe7 25. Re1 Bf8 26. Qf2 a5 27. Qg3 Ra6
28. Bc7 1-0

[Event "2009 Canadian Open Chess Championship"]
[Site "Edmonton Canada"]
[Date "2009.07.11"]
[Round "1"]
[White "Razzaq, Ali"]
[Black "Perelshteyn, Eugene"]
[Result "0-1"]
[WhiteElo "1859"]
[BlackElo "2588"]
[PlyCount "122"]
[EventDate "2009.07.11"]
[Source "MonRoi"]

1. d4 Nf6 2. c4 g6 3. Nc3 Bg7 4. e4 d6 5. f4 c5 6. d5 O-O 7. Nf3 e6 8. Be2 exd5
9. cxd5 Bg4 10. O-O Bxf3 11. Bxf3 Nbd7 12. a4 Ne8 13. Be3 a6 14. Qd2 Rb8 15.
Be2 Nc7 16. a5 Re8 17. Kh1 Bxc3 18. bxc3 Rxe4 19. Bd3 Re8 20. f5 Ne5 21. fxg6
fxg6 22. Bg5 Qd7 23. Bc2 Rf8 24. Bh6 Rf7 25. h3 Ne8 26. Rae1 Ng7 27. Qg5 Rbf8
28. Rxf7 Qxf7 29. Rxe5 dxe5 30. d6 Qe6 31. Qe7 Rf7 32. Qxe6 Nxe6 33. Bb3 Nf8
34. Bg5 Kg7 35. Bh6+ Kg8 36. Bg5 Nd7 37. Be7 e4 38. Be6 e3 39. Bxf7+ Kxf7 40.
Kg1 Ke6 41. Kf1 Ne5 42. Ke2 Nc4 43. Bf8 Kd7 44. g4 Nxa5 45. Kxe3 b5 46. Ke4 c4
47. Ke3 Nb3 48. Ke2 a5 49. Kd1 Nc5 50. h4 Ne4 51. Kc2 Nf2 52. g5 Ne4 53. Bg7
Kxd6 54. Bd4 b4 55. cxb4 axb4 56. Bg7 Kd5 57. Bf8 Nc5 58. Be7 c3 59. Bf8 Kc4
60. Bd6 b3+ 61. Kb1 c2+ 0-1

[Event "2009 Canadian Open Chess Championship"]
[Site "Edmonton Canada"]
[Date "2009.07.11"]
[Round "1"]
[White "Bentley, Bill"]
[Black "Zhao, Xue"]
[Result "0-1"]
[WhiteElo "1854"]
[BlackElo "2544"]
[PlyCount "56"]
[EventDate "2009.07.11"]
[Source "MonRoi"]

1. d4 Nf6 2. c4 e6 3. Nf3 b6 4. e3 Bb7 5. Bd3 c5 6. O-O Nc6 7. Nc3 cxd4 8. exd4
Be7 9. Bg5 h6 10. Bh4 Rc8 11. b3 O-O 12. Re1 d5 13. Rc1 dxc4 14. bxc4 Nb4 15.
Ne5 Nxd3 16. Qxd3 Re8 17. Red1 Nh5 18. Bxe7 Qxe7 19. Ne2 Rc7 20. Rc3 Rec8 21.
Rdc1 Qg5 22. Nf3 Qf6 23. Qe3 Qd8 24. Ne5 Nf6 25. Ng3 b5 26. Qd3 bxc4 27. Nxc4
Nd5 28. Na5 Rxc3 0-1

[Event "2009 Canadian Open Chess Championship"]
[Site "Edmonton Canada"]
[Date "2009.07.11"]
[Round "1"]
[White "Gerzhoy, Leonid"]
[Black "Quiring, John"]
[Result "1-0"]
[WhiteElo "2530"]
[BlackElo "1846"]
[PlyCount "43"]
[EventDate "2009.07.11"]
[Source "MonRoi"]

1. e4 d6 2. d4 g6 3. c4 Bg7 4. Nc3 Nd7 5. Nf3 e5 6. Be2 exd4 7. Nxd4 Ne7 8. O-O
Ne5 9. Bg5 f6 10. Bh4 N7c6 11. Nxc6 Nxc6 12. c5 Be6 13. cxd6 Qxd6 14. Qxd6 cxd6
15. Rfd1 O-O-O 16. Nb5 d5 17. Bg3 Bf8 18. Rac1 a6 19. Nd4 Bg8 20. Nxc6 bxc6 21.
Rxc6+ Kb7 22. Rc7+ 1-0

[Event "2009 Canadian Open Chess Championship"]
[Site "Edmonton Canada"]
[Date "2009.07.11"]
[Round "1"]
[White "Krush, Irina"]
[Black "Macleod, Damon"]
[Result "1-0"]
[WhiteElo "2481"]
[BlackElo "1835"]
[PlyCount "43"]
[EventDate "2009.07.11"]
[Source "MonRoi"]

1. e4 e5 2. Nf3 Nc6 3. Bb5 Nf6 4. O-O Nxe4 5. d4 Nd6 6. Bxc6 dxc6 7. dxe5 Nf5
8. Qxd8+ Kxd8 9. Nc3 Ke8 10. h3 h5 11. Ne4 c5 12. Rd1 b6 13. Nc3 Bb7 14. Nd5
Rc8 15. Bg5 Ne7 16. c4 Nxd5 17. cxd5 Kd7 18. e6+ fxe6 19. Ne5+ Ke8 20. dxe6 Bd6
21. Nf7 Rf8 22. Rxd6 1-0

[Event "2009 Canadian Open Chess Championship"]
[Site "Edmonton Canada"]
[Date "2009.07.11"]
[Round "1"]
[White "Quan, Zhe"]
[Black "Chaisson, Terry"]
[Result "1-0"]
[WhiteElo "2465"]
[BlackElo "1823"]
[PlyCount "85"]
[EventDate "2009.07.11"]
[Source "MonRoi"]

1. d4 Nf6 2. c4 e5 3. dxe5 Ng4 4. Bf4 Nc6 5. Nf3 Bb4+ 6. Nc3 Bxc3+ 7. bxc3 Qe7
8. Qd5 f6 9. exf6 Nxf6 10. Qd3 d6 11. g3 b6 12. Bg2 Bb7 13. O-O Na5 14. Nd2
O-O-O 15. Nb3 Bxg2 16. Kxg2 Nc6 17. a4 a5 18. c5 Qe4+ 19. Qxe4 Nxe4 20. cxb6
cxb6 21. f3 Nc5 22. Nxc5 dxc5 23. Rab1 Kb7 24. Rfd1 Rxd1 25. Rxd1 Rd8 26. Rxd8
Nxd8 27. c4 Ne6 28. Be5 Nd4 29. Kf2 Nc2 30. Bb2 g6 31. e4 Kc6 32. f4 Kd7 33. f5
gxf5 34. exf5 Kd6 35. g4 Nb4 36. Ke3 Nc6 37. g5 Ne7 38. Ke4 Ng8 39. Be5+ Kd7
40. h4 Ne7 41. h5 Nc6 42. h6 Ne7 43. Bf6 1-0

[Event "2009 Canadian Open Chess Championship"]
[Site "Edmonton Canada"]
[Date "2009.07.11"]
[Round "1"]
[White "Green, Aaron"]
[Black "Bradford, Joseph"]
[Result "0-1"]
[WhiteElo "1818"]
[BlackElo "2459"]
[PlyCount "56"]
[EventDate "2009.07.11"]
[Source "MonRoi"]

1. e4 e6 2. d4 d5 3. Nd2 Nf6 4. e5 Nfd7 5. f4 c5 6. c3 Nc6 7. Ngf3 cxd4 8. cxd4
Qb6 9. Nb3 a5 10. Rb1 a4 11. Na1 Bb4+ 12. Kf2 f6 13. Nc2 fxe5 14. Nxb4 Nxb4 15.
fxe5 Nxa2 16. Be3 Nb4 17. Bd3 Nxd3+ 18. Qxd3 O-O 19. Kg3 Qa6 20. Qc2 Qc6 21.
Qd3 Nb6 22. Ng5 Rf5 23. Kh3 Qc4 24. Qd2 Qb3 25. Rbc1 Nc4 26. Rxc4 dxc4 27. Rc1
a3 28. d5 axb2 0-1

[Event "2009 Canadian Open Chess Championship"]
[Site "Edmonton Canada"]
[Date "2009.07.11"]
[Round "1"]
[White "Davidson, Brian"]
[Black "Mulyar, Michael"]
[Result "0-1"]
[WhiteElo "1814"]
[BlackElo "2440"]
[PlyCount "50"]
[EventDate "2009.07.11"]
[Source "MonRoi"]

1. d4 d5 2. Bg5 h6 3. Bh4 c6 4. Nd2 Qb6 5. Nb3 a5 6. a4 Bf5 7. e3 e6 8. Nf3 Nd7
9. Be2 Ngf6 10. O-O Be7 11. h3 O-O 12. Nfd2 e5 13. Bg3 exd4 14. Nxd4 Bh7 15. b3
Bb4 16. Bd3 Bc3 17. Bxh7+ Kxh7 18. Rb1 Bxd4 19. exd4 Qxd4 20. Qc1 Rfe8 21. Nf3
Qc5 22. Nd2 Re2 23. Re1 Rxe1+ 24. Qxe1 Qxc2 25. Rc1 Re8 0-1

[Event "2009 Canadian Open Chess Championship"]
[Site "Edmonton Canada"]
[Date "2009.07.11"]
[Round "1"]
[White "Hommeles, Theo"]
[Black "Du, Jasmine"]
[Result "1-0"]
[WhiteElo "2412"]
[BlackElo "1810"]
[PlyCount "75"]
[EventDate "2009.07.11"]
[Source "MonRoi"]

1. e4 e5 2. Nf3 Nc6 3. Bb5 d6 4. d4 exd4 5. Nxd4 Bd7 6. Nc3 Nf6 7. O-O Be7 8.
Re1 Ne5 9. f4 Ng6 10. e5 Ng8 11. e6 Bxb5 12. Ncxb5 c6 13. exf7+ Kxf7 14. Ne6
Qb6+ 15. Nbd4 Nf6 16. Be3 c5 17. Ng5+ Ke8 18. Nde6 Nf8 19. Nxg7+ Kd7 20. b4 Kc7
21. Bf2 Bd8 22. bxc5 dxc5 23. Rb1 Qc6 24. Nf7 Rg8 25. Ne5 Qd5 26. Ne8+ Kc8 27.
Nd6+ Kc7 28. Ne8+ Kc8 29. Nd6+ Kc7 30. Nb5+ Kc8 31. Qxd5 Nxd5 32. Bxc5 b6 33.
Bxf8 Rxf8 34. g3 Bf6 35. Rbd1 Nc7 36. Nd6+ Kd8 37. Nb5+ Kc8 38. Nd7 1-0

[Event "2009 Canadian Open Chess Championship"]
[Site "Edmonton Canada"]
[Date "2009.07.11"]
[Round "1"]
[White "Tayar, Jonathan"]
[Black "Dejong, Werner"]
[Result "1-0"]
[WhiteElo "2392"]
[BlackElo "1792"]
[PlyCount "37"]
[EventDate "2009.07.11"]
[Source "MonRoi"]

1. e4 e6 2. d4 d5 3. Nc3 Nf6 4. Bg5 dxe4 5. Nxe4 Be7 6. Bxf6 Bxf6 7. Nf3 b6 8.
Qd2 O-O 9. O-O-O Bb7 10. Qf4 Bxe4 11. Qxe4 Qd5 12. Bd3 g6 13. Qf4 Qd8 14. Be4
c6 15. h4 a5 16. g4 Be7 17. Qh6 f5 18. h5 Qe8 19. gxf5 1-0

[Event "2009 Canadian Open Chess Championship"]
[Site "Edmonton Canada"]
[Date "2009.07.11"]
[Round "1"]
[White "Caron, Harvey"]
[Black "Pechenkin, Vladimir"]
[Result "0-1"]
[WhiteElo "1784"]
[BlackElo "2366"]
[PlyCount "76"]
[EventDate "2009.07.11"]
[Source "MonRoi"]

1. e4 d5 2. exd5 Nf6 3. c4 c6 4. d6 exd6 5. d4 d5 6. c5 b6 7. b4 a5 8. Bd2 Ne4
9. Nf3 Nxd2 10. Nbxd2 axb4 11. cxb6 Qxb6 12. Nb3 Be7 13. Bd3 Be6 14. Qc2 Nd7
15. Rc1 Rc8 16. Nc5 Nxc5 17. dxc5 Qa5 18. O-O Bf6 19. Rfe1 Bc3 20. Re2 Qxc5 21.
Bxh7 Qd6 22. Bf5 Rh6 23. a3 c5 24. axb4 cxb4 25. h3 Rd8 26. Qd3 Kf8 27. Nd4
Bxd4 28. Bxe6 Rxe6 29. Rxe6 Bxf2+ 30. Kxf2 Qf4+ 31. Ke2 Qxc1 32. Re3 Qc4 33.
Kd2 Ra8 34. Qxc4 dxc4 35. Re4 c3+ 36. Kc2 Ra2+ 37. Kd3 Rd2+ 38. Kc4 c2 0-1

[Event "2009 Canadian Open Chess Championship"]
[Site "Edmonton Canada"]
[Date "2009.07.11"]
[Round "1"]
[White "Barron, Michael"]
[Black "Green, Jim"]
[Result "1-0"]
[WhiteElo "2357"]
[BlackElo "1782"]
[PlyCount "59"]
[EventDate "2009.07.11"]
[Source "MonRoi"]

1. e4 d6 2. d4 Nf6 3. Nc3 Nbd7 4. f4 e5 5. Nf3 Be7 6. Bc4 O-O 7. fxe5 dxe5 8.
dxe5 Ng4 9. e6 Nde5 10. Qxd8 Bxd8 11. exf7+ Kh8 12. Nxe5 Nxe5 13. Bb3 c6 14.
Be3 Bh4+ 15. g3 Be7 16. O-O Bh3 17. Bd4 Bd6 18. Rf2 Bg4 19. Kg2 a6 20. h3 Bh5
21. Rf5 Bxf7 22. Bxe5 Bxe5 23. Rxe5 Bg6 24. Rf1 Rfd8 25. Re7 b5 26. Rd1 b4 27.
Rxd8+ Rxd8 28. Na4 Rd2+ 29. Kf3 h6 30. Nc5 1-0

[Event "2009 Canadian Open Chess Championship"]
[Site "Edmonton Canada"]
[Date "2009.07.11"]
[Round "1"]
[White "Martchenko, Alexander"]
[Black "Nadeau, Francis"]
[Result "1-0"]
[WhiteElo "2314"]
[BlackElo "1760"]
[PlyCount "39"]
[EventDate "2009.07.11"]
[Source "MonRoi"]

1. e4 c5 2. Nf3 e6 3. d4 cxd4 4. Nxd4 a6 5. Nc3 Qc7 6. Qf3 Nf6 7. Bg5 Be7 8.
O-O-O Nc6 9. Nxc6 bxc6 10. Bd3 d5 11. Rhe1 d4 12. e5 dxc3 13. exf6 Ba3 14. Bc4
Bxb2+ 15. Kb1 g6 16. Bxe6 Bxe6 17. Rxe6+ fxe6 18. f7+ Kf8 19. Qf6 Qxf7 20. Bh6+
1-0

[Event "2009 Canadian Open Chess Championship"]
[Site "Edmonton Canada"]
[Date "2009.07.11"]
[Round "1"]
[White "Sillador, Rory"]
[Black "Langer, Michael"]
[Result "0-1"]
[WhiteElo "1757"]
[BlackElo "2313"]
[PlyCount "46"]
[EventDate "2009.07.11"]
[Source "MonRoi"]

1. d4 Nf6 2. c4 c5 3. d5 e6 4. Nc3 exd5 5. cxd5 d6 6. e4 g6 7. Bg5 Bg7 8. Bd3
h6 9. Bf4 a6 10. a4 O-O 11. Nge2 Qe7 12. O-O Nbd7 13. Re1 Ne5 14. Bg3 Nh5 15.
Bxe5 Qxe5 16. Qd2 Nf6 17. f4 Qh5 18. f5 Ng4 19. h3 Ne5 20. Rf1 Bf6 21. Nf4 Qg5
22. Qf2 Nxd3 23. Nxd3 Bd4 0-1

[Event "2009 Canadian Open Chess Championship"]
[Site "Edmonton Canada"]
[Date "2009.07.11"]
[Round "1"]
[White "Plotkin, Victor"]
[Black "Faust, Steven"]
[Result "1-0"]
[WhiteElo "2310"]
[BlackElo "1757"]
[PlyCount "115"]
[EventDate "2009.07.11"]
[Source "MonRoi"]

1. e4 e6 2. d4 d5 3. exd5 exd5 4. Bd3 Bd6 5. Nf3 Ne7 6. O-O O-O 7. Re1 Nbc6 8.
c3 Bf5 9. Qc2 Bxd3 10. Qxd3 Qd7 11. Nbd2 Qf5 12. Qe2 Ng6 13. Nf1 Qd7 14. Bd2 a6
15. Ng3 Bxg3 16. hxg3 Rae8 17. Qd3 Rxe1+ 18. Rxe1 Re8 19. b3 Rxe1+ 20. Bxe1
Nce7 21. c4 c6 22. Kf1 Qf5 23. Qxf5 Nxf5 24. Ke2 f6 25. Kd3 Kf7 26. Ng1 Ke6 27.
Ne2 Nd6 28. Nc3 b5 29. cxb5 cxb5 30. a4 Ne7 31. Bd2 g5 32. g4 Nc6 33. Be1 Ne7
34. f3 Nc6 35. Bg3 b4 36. Ne2 a5 37. Nc1 Nb7 38. Ke3 Ne7 39. Nd3 Kd7 40. f4 h6
41. Be1 Kc6 42. Bd2 Nc8 43. Be1 Ncd6 44. Bxb4 axb4 45. Nxb4+ Kd7 46. Nxd5 Ke6
47. Nb6 Na5 48. d5+ Ke7 49. b4 Nac4+ 50. Nxc4 Nxc4+ 51. Kd4 Nb2 52. a5 Kd6 53.
fxg5 fxg5 54. b5 Na4 55. b6 Nc5 56. Kc4 Nd7 57. Kb5 Ne5 58. a6 1-0

[Event "2009 Canadian Open Chess Championship"]
[Site "Edmonton Canada"]
[Date "2009.07.11"]
[Round "1"]
[White "Henry, Liam"]
[Black "Thomas, Bruce"]
[Result "1-0"]
[WhiteElo "2280"]
[BlackElo "1752"]
[PlyCount "59"]
[EventDate "2009.07.11"]
[Source "MonRoi"]

1. e4 c5 2. Nf3 Nc6 3. d4 cxd4 4. Nxd4 a6 5. Nc3 e6 6. Be3 Nf6 7. Qd2 Be7 8. f3
h6 9. O-O-O O-O 10. Kb1 b5 11. Nxc6 dxc6 12. Qf2 Qc7 13. Bb6 Qb7 14. g4 Nd7 15.
Be3 f6 16. h4 Ne5 17. Be2 Nc4 18. Bxc4 bxc4 19. Ka1 a5 20. g5 h5 21. Bc5 f5 22.
g6 a4 23. a3 fxe4 24. Nxe4 e5 25. Qe2 Bxc5 26. Qxc4+ Kh8 27. Qxc5 Bf5 28. Rhg1
Bxe4 29. fxe4 Qc7 30. Rg5 1-0

[Event "2009 Canadian Open Chess Championship"]
[Site "Edmonton Canada"]
[Date "2009.07.11"]
[Round "1"]
[White "Mackey, John"]
[Black "Haessel, Dale"]
[Result "0-1"]
[WhiteElo "1743"]
[BlackElo "2276"]
[PlyCount "86"]
[EventDate "2009.07.11"]
[Source "MonRoi"]

1. d4 Nf6 2. Nf3 g6 3. g3 Bg7 4. Bg2 d5 5. c4 O-O 6. O-O dxc4 7. Ne5 c5 8. dxc5
Qc7 9. c6 Nxc6 10. Nxc6 bxc6 11. Na3 c3 12. bxc3 Nd5 13. Bb2 Rb8 14. Qc2 Rxb2
15. Qxb2 Bxc3 16. Qc2 Bxa1 17. Bxd5 Be5 18. Qxc6 Qxc6 19. Bxc6 Be6 20. Nb5 a6
21. f4 Bf6 22. Nc7 Rc8 23. Nxe6 Rxc6 24. Ng5 Rc2 25. Kf2 Bxg5 26. fxg5 Rxa2 27.
Rb1 a5 28. Rb7 e6 29. Ra7 a4 30. Kf3 a3 31. Kf2 Ra1 32. Kg2 a2 33. h4 Kg7 34.
Kf2 h6 35. Kg2 hxg5 36. hxg5 Kf8 37. Kf2 Ke8 38. Ke3 Kd8 39. Kd2 Kc8 40. Kc2
Re1 41. Rxa2 Rxe2+ 42. Kb3 Rxa2 43. Kxa2 Kc7 0-1

[Event "2009 Canadian Open Chess Championship"]
[Site "Edmonton Canada"]
[Date "2009.07.11"]
[Round "1"]
[White "MacKinnon, Keith"]
[Black "Panteluk, Steven"]
[Result "1-0"]
[WhiteElo "2241"]
[BlackElo "1682"]
[PlyCount "43"]
[EventDate "2009.07.11"]
[Source "MonRoi"]

1. e4 e5 2. Nf3 Nc6 3. Bb5 a6 4. Ba4 Nf6 5. d3 b5 6. Bb3 h6 7. O-O Bc5 8. Nxe5
Bxf2+ 9. Rxf2 Nxe5 10. d4 Nc4 11. e5 Nd5 12. Qf3 O-O 13. Qxd5 c6 14. Qf3 d5 15.
c3 f5 16. exf6 Rxf6 17. Bf4 Qf8 18. Bxc4 bxc4 19. Qg3 Bf5 20. Be5 Rg6 21. Qxg6
Qb8 22. Qxg7# 1-0

[Event "2009 Canadian Open Chess Championship"]
[Site "Edmonton Canada"]
[Date "2009.07.11"]
[Round "1"]
[White "Reuter, Gerhard"]
[Black "Hambleton, Aman"]
[Result "0-1"]
[WhiteElo "1666"]
[BlackElo "2206"]
[PlyCount "60"]
[EventDate "2009.07.11"]
[Source "MonRoi"]

1. f4 e6 2. e4 d5 3. e5 c5 4. Nf3 Ne7 5. c3 Nd7 6. d4 a6 7. Be3 f6 8. dxc5 Nf5
9. Bd4 fxe5 10. Nxe5 Nxe5 11. fxe5 Qh4+ 12. Bf2 Qf4 13. Bd3 Qxe5+ 14. Qe2 Qxe2+
15. Kxe2 e5 16. b4 g6 17. g4 Ne7 18. h3 Bg7 19. Bc2 h5 20. g5 Bd7 21. Nd2 e4
22. Rac1 Bxc3 23. Nxe4 Bb5+ 24. Kf3 dxe4+ 25. Bxe4 Bd2 26. Bxb7 Rb8 27. c6 Bxc1
28. Rxc1 O-O+ 29. Kg2 Bxc6+ 30. Bxc6 Rfc8 0-1

[Event "2009 Canadian Open Chess Championship"]
[Site "Edmonton Canada"]
[Date "2009.07.11"]
[Round "1"]
[White "Robertson, Trevor"]
[Black "Kagramanov, Dina"]
[Result "0-1"]
[WhiteElo "1651"]
[BlackElo "2140"]
[PlyCount "58"]
[EventDate "2009.07.11"]
[Source "MonRoi"]

1. d4 d5 2. c4 e6 3. Nf3 c6 4. Nc3 dxc4 5. e4 b5 6. a3 Bb7 7. Bf4 a5 8. Be2 Nf6
9. O-O Be7 10. Re1 O-O 11. Ng5 h6 12. Nh3 Qb6 13. Bf3 Rd8 14. Be3 Nbd7 15. Qc2
c5 16. d5 Ne5 17. Nf4 Nxf3+ 18. gxf3 exd5 19. exd5 Nxd5 20. Ncxd5 Bxd5 21. Nxd5
Rxd5 22. Kf1 Rad8 23. Bxh6 Qxh6 24. Rxe7 Qxh2 25. Rae1 Qh3+ 26. Ke2 Rd3 27. Re3
Rxe3+ 28. Kxe3 Re8+ 29. Kd2 Qd7+ 0-1

[Event "2009 Canadian Open Chess Championship"]
[Site "Edmonton Canada"]
[Date "2009.07.11"]
[Round "1"]
[White "Purewal, Pal"]
[Black "Van Heizeele, Daniel"]
[Result "1/2-1/2"]
[WhiteElo "1631"]
[BlackElo "2137"]
[PlyCount "44"]
[EventDate "2009.07.11"]
[Source "MonRoi"]

1. e4 c5 2. Nf3 d6 3. Bb5+ Nd7 4. O-O Ngf6 5. e5 dxe5 6. Nxe5 e6 7. d3 Be7 8.
Bg5 O-O 9. Nxd7 Nxd7 10. Bxe7 Qxe7 11. Bxd7 Bxd7 12. Nc3 Bc6 13. f3 Rad8 14.
Qe2 Rd4 15. Ne4 Rfd8 16. Rad1 h6 17. b3 b5 18. c3 R4d5 19. c4 Rd4 20. Nf2 a5
21. Rfe1 b4 22. Qe5 Bb7 1/2-1/2

[Event "2009 Canadian Open Chess Championship"]
[Site "Edmonton Canada"]
[Date "2009.07.11"]
[Round "1"]
[White "Durupala, Rishi"]
[Black "Farine, Jonathan"]
[Result "0-1"]
[WhiteElo "1075"]
[BlackElo "1894"]
[PlyCount "38"]
[EventDate "2009.07.11"]
[Source "MonRoi"]

1. e4 e5 2. Nf3 Nc6 3. d4 exd4 4. Nxd4 Nf6 5. Nxc6 bxc6 6. Nc3 Bb4 7. a3 Bxc3+
8. bxc3 Nxe4 9. Qe2 O-O 10. c4 Qf6 11. f3 Qc3+ 12. Bd2 Qxa1+ 13. Qd1 Qxd1+ 14.
Kxd1 Nf2+ 15. Ke1 Nxh1 16. g3 Re8+ 17. Be2 Ba6 18. Kf1 Rab8 19. Bd3 Rb1+ 0-1

[Event "2009 Canadian Open Chess Championship"]
[Site "Edmonton Canada"]
[Date "2009.07.12"]
[Round "2"]
[White "Kagramanov, Dina"]
[Black "Shirov, Alexei"]
[Result "0-1"]
[WhiteElo "2140"]
[BlackElo "2748"]
[PlyCount "40"]
[EventDate "2009.07.11"]
[Source "MonRoi"]

1. e4 e6 2. d4 d5 3. e5 c5 4. c3 Nc6 5. Nf3 Bd7 6. Be2 Nge7 7. O-O Nf5 8. Be3
Qb6 9. Qd2 Nxe3 10. fxe3 Be7 11. Bd3 O-O 12. Kh1 f6 13. e4 cxd4 14. exd5 Nxe5
15. Nxe5 fxe5 16. Re1 exd5 17. Rxe5 Qf6 18. Re1 Bd6 19. cxd4 Qh4 20. g3 Bxg3
0-1

[Event "2009 Canadian Open Chess Championship"]
[Site "Edmonton Canada"]
[Date "2009.07.12"]
[Round "2"]
[White "Grumic, Sasa"]
[Black "Adams, Michael"]
[Result "0-1"]
[WhiteElo "2174"]
[BlackElo "2699"]
[PlyCount "65"]
[EventDate "2009.07.11"]
[Source "MonRoi"]

1. e4 e5 2. Nf3 Nc6 3. Bb5 a6 4. Ba4 Nf6 5. O-O Bc5 6. c3 b5 7. Bb3 d6 8. d4
Bb6 9. Be3 Bg4 10. Re1 O-O 11. a4 Bxf3 12. gxf3 Na5 13. Ba2 b4 14. Nd2 bxc3 15.
bxc3 Nh5 16. Kh1 Qf6 17. Nc4 Nxc4 18. Bxc4 a5 19. Rg1 Nf4 20. Ra2 Kh8 21. Bxf4
Qxf4 22. Rg4 Qf6 23. f4 exd4 24. Qf3 dxc3 25. Bd3 Bd4 26. Qh3 h6 27. f3 Rab8
28. Rag2 Rg8 29. Qh5 Rb2 30. Bc2 Rgb8 31. h4 Rxc2 32. Rxc2 Rb1+ 33. Kh2 0-1

[Event "2009 Canadian Open Chess Championship"]
[Site "Edmonton Canada"]
[Date "2009.07.12"]
[Round "2"]
[White "Ganguly, Surya"]
[Black "Nguyen, Kim"]
[Result "1-0"]
[WhiteElo "2637"]
[BlackElo "2140"]
[PlyCount "45"]
[EventDate "2009.07.11"]
[Source "MonRoi"]

1. e4 c5 2. Nf3 d6 3. d4 cxd4 4. Nxd4 Nf6 5. Nc3 a6 6. h3 g6 7. Be3 Bg7 8. Qd2
Nc6 9. O-O-O O-O 10. g4 Bd7 11. Be2 Rc8 12. g5 Ne8 13. h4 Nc7 14. Nb3 b5 15.
Bb6 Qe8 16. f4 Na8 17. Be3 Nb4 18. Bd4 Bxd4 19. Qxd4 Nc6 20. Qg1 Be6 21. h5 f5
22. hxg6 Qxg6 23. Rh6 1-0

[Event "2009 Canadian Open Chess Championship"]
[Site "Edmonton Canada"]
[Date "2009.07.12"]
[Round "2"]
[White "Sali, Zulfikar"]
[Black "Mikhalevski, Victor"]
[Result "0-1"]
[WhiteElo "2126"]
[BlackElo "2631"]
[PlyCount "116"]
[EventDate "2009.07.11"]
[Source "MonRoi"]

1. e4 e5 2. Nf3 Nc6 3. Bb5 Nf6 4. O-O Nxe4 5. d4 Nd6 6. Bxc6 dxc6 7. dxe5 Nf5
8. Qe2 Be6 9. Nc3 Nd4 10. Nxd4 Qxd4 11. Rd1 Qh4 12. Be3 Qg4 13. f3 Qh5 14. g4
Qg6 15. Nb5 cxb5 16. Qxb5+ c6 17. Qxb7 Rc8 18. Rd2 h5 19. g5 Qf5 20. Rad1 Qxf3
21. Qxa7 Qg4+ 22. Kf2 Bd5 23. g6 Be7 24. gxf7+ Kxf7 25. Rg1 Qf3+ 26. Ke1 Ra8
27. Rxg7+ Kxg7 28. Qxe7+ Qf7 29. Qg5+ Qg6 30. Qe7+ Kg8 31. c4 Re8 32. Qc5 Bf3
33. Rd6 Qg2 34. Bf2 Rh7 35. Qe3 Qg4 36. Rf6 Rf7 37. h3 Qe4 38. Qxe4 Bxe4 39.
Bd4 Rxf6 40. exf6 Bb1+ 41. Kd2 Bxa2 42. Kc3 Re4 43. b4 Rh4 44. b5 cxb5 45. cxb5
Rxh3+ 46. Kb4 Bd5 47. Kc5 Bg2 48. Kd6 Kf7 49. b6 Rd3 50. Ke5 Rxd4 51. Kxd4 Kxf6
52. Ke3 Kg5 53. Kf2 Bb7 54. Kg3 h4+ 55. Kh3 Kh5 56. Kh2 Kg4 57. Kg1 Kg3 58. Kf1
h3 0-1

[Event "2009 Canadian Open Chess Championship"]
[Site "Edmonton Canada"]
[Date "2009.07.12"]
[Round "2"]
[White "Zhao, Xue"]
[Black "Pedersen, Rick"]
[Result "1-0"]
[WhiteElo "2544"]
[BlackElo "2089"]
[PlyCount "43"]
[EventDate "2009.07.11"]
[Source "MonRoi"]

1. d4 Nf6 2. c4 g6 3. Nc3 Bg7 4. e4 d6 5. Nf3 O-O 6. Be2 e5 7. Be3 h6 8. O-O
Ng4 9. Bc1 Na6 10. dxe5 dxe5 11. h3 Nf6 12. Nxe5 Nxe4 13. Nxe4 Qe8 14. f4 f6
15. Nxg6 Qxg6 16. f5 Qe8 17. Ng3 Bd7 18. Bh5 Qe7 19. Re1 Qb4 20. a3 Qc5+ 21.
Be3 Qe5 22. Qg4 1-0